The Hindu civilisation: (Record no. 36782)

MARC details
000 -LEADER
fixed length control field 01057nam a22002657a 4500
005 - DATE AND TIME OF LATEST TRANSACTION
control field 20100701122956.0
008 - FIXED-LENGTH DATA ELEMENTS--GENERAL INFORMATION
fixed length control field 100701t xxu||||| |||| 00| 0 eng d
010 ## - LCCN (DPL NO)
LC control number ENG-96343
020 ## - INTERNATIONAL STANDARD BOOK NUMBER
International Standard Book Number 9788121210416
Terms of availability 650.00
035 ## - SYSTEM CONTROL NUMBER
System control number EN-79876
037 ## - SOURCE OF ACQUISITION
Source of stock number/acquisition DBAD/PUB
040 ## - CATALOGING SOURCE
Original cataloging agency DPL
Language of cataloging ENG
082 ## - DEWEY DECIMAL CLASSIFICATION NUMBER
Classification number 934
100 ## - MAIN ENTRY--PERSONAL NAME
Personal name Sahai, Shashi B.
245 ## - TITLE STATEMENT
Title The Hindu civilisation:
Remainder of title a miracle of hIstory /
Statement of responsibility, etc by Shashi B. Sahai
260 ## - PUBLICATION, DISTRIBUTION, ETC. (IMPRINT)
Place of publication, distribution, etc New Delhi
Name of publisher, distributor, etc Gyan Publishing House
Date of publication, distribution, etc 2010
270 ## - ADDRESS
Address 23, Main Ansari Road, Darya Ganj
City New Delhi
Postal code 110002
Telephone number 23282060
Fax number 011-23285914
Electronic mail address books@gyanbooks.com
300 ## - PHYSICAL DESCRIPTION
Extent 282p.
Dimensions 23cm. (Hb)
500 ## - GENERAL NOTE
General note includes bibliographical references (p. [259]-265).and index
505 ## - FORMATTED CONTENTS NOTE
Formatted contents note pt. 1. The great survivor and the saviours -- pt. 2. The beauty that is Hinduism.
650 ## - SUBJECT ADDED ENTRY--TOPICAL TERM
Topical term or geographic name as entry element Hindu civilization.
650 ## - SUBJECT ADDED ENTRY--TOPICAL TERM
Topical term or geographic name as entry element Hinduism
General subdivision History.
942 ## - ADDED ENTRY ELEMENTS (KOHA)
Source of classification or shelving scheme Dewey Decimal Classification
Item type English Books
Call number suffix SAH
Classification part 934
Holdings
Withdrawn status Lost status Source of classification or shelving scheme Damaged status Not for loan Collection code Home library Current library Date acquired Source of acquisition Cost, normal purchase price Total Checkouts Full call number Barcode Date last seen Copy number Cost, replacement price Koha item type
    Dewey Decimal Classification   Not For Loan Non-fiction D.B.Act.Division D.B.Act.Division 01/07/2010 DBAD/PUB 650.00   934 SAH EN-79876 01/07/2010 1 650.00 English Books

© Delhi Public Library
Hit Counter
free hit counter